Language Quiz

Random Language or Letter Quiz

Word Patterns II Quiz Stats

 Plays Quiz Updated Aug 21, 2012

Challenge
Share
Tweet
Embed
Score 0/48 Timer 11:00
0 Plays Today
Column Word % Correct
1ADHERE
66.2%
2QWERTY
60.9%
1EQUIPS
57.4%
1ABHORS
52.7%
1AVENGE
52.6%
3UPKEEP
41%
1EQUITY
40.5%
2KAZOOS
40.1%
1CHERUB
40%
1ECZEMA
40%
3TORQUE
40%
1AFFIRM
39.7%
1ABLAZE
36.7%
1BOXCAR
35.5%
2RISQUE
33.3%
2REVIEW
30.3%
2HUMVEE
30.1%
3UDDERS
29.2%
2REVAMP
27.4%
3SKETCH
27.1%
3UNZIPS
27%
2HIJACK
26.9%
2PHLEGM
26.7%
3UMLAUT
25.6%
Column Word % Correct
2INKJET
22.8%
2QUARTZ
21.6%
2MILIEU
21.5%
3ZOOMED
21.1%
3YACHTS
19.5%
3SUBPAR
18.8%
3SPYING
18.7%
1ERSATZ
17.6%
3SUPERB
16.9%
2LAMBDA
16.6%
1COWPOX
14.9%
1CYBORG
14.6%
3SEXISM
14.3%
2SCARAB
14.1%
3UNEVEN
13.5%
3SIXTHS
11.6%
1DEJECT
11.4%
1FJORDS
10.8%
1GINKGO
10.1%
2RUNWAY
10.1%
3SPRITZ
9%
2IPECAC
9%
2LAYOFF
5.9%
3VIZSLA
2.1%

You're not logged in!

Compare scores with friends on all Sporcle quizzes.
Join for Free
OR
Log In

You Might Also Like...

Show Comments

Extras

Top Quizzes Today


Score Distribution

Your Account Isn't Verified!

In order to create a playlist on Sporcle, you need to verify the email address you used during registration. Go to your Sporcle Settings to finish the process.

Report this User

Report this user for behavior that violates our Community Guidelines.

Details: